| 000 | 00694cam a22002533a 4500 | ||
|---|---|---|---|
| 001 | 301 | ||
| 003 | PGUSA | ||
| 005 | 20140828082946.0 | ||
| 008 | 950701s1995||||xxu|||||s|||||000 p eng d | ||
| 040 |
_aPGUSA _beng |
||
| 042 | _adc | ||
| 050 | 4 | _aPR | |
| 100 | 1 |
_aWilde, Oscar, _d1854-1900 |
|
| 245 | 1 | 4 |
_aThe Ballad of Reading Gaol _h[electronic resource] / _cOscar Wilde |
| 260 |
_bProject Gutenberg, _c1995 |
||
| 506 | _aPublic domain in the USA. | ||
| 516 | _aElectronic text | ||
| 653 | _aImprisonment -- Poetry | ||
| 653 | _aPrisons -- Poetry | ||
| 653 | _aPrisoners -- Poetry | ||
| 830 | 0 |
_aProject Gutenberg _v301 |
|
| 856 | 4 | 0 | _uhttp://www.gutenberg.org/ebooks/301 |
| 942 | _cEB | ||
| 999 |
_c229652 _d229652 |
||